000 00657nam a22002057a 4500
999 _c2243
_d2243
020 _a9780070468214
020 _a0070468214
050 _aHB171
_b.5M139
100 _aWilliam B Walstad
110 _a Robert C Bingham; Campbell R McConnell
245 _aStudy guide to accompany McConnell and Brue Economics
_cWilliam B. Walstad, Robert C. Bingham.
250 _a13th ed.
260 _aNew York :
_bMcGraw-Hill,
_c1996.
300 _axii, 525 pages :
_billus. ;
_c26 cm
650 _aEconomics,
_xPrinciples,
650 _aEconomics,
_xProblems,
650 _aEconomics,
_x Policies
710 _aWilliam B. Walstad, Robert C. Bingham.
942 _cBK